Online Catalogue and eLibrary

Hector Abhayavardhana : (Record no. 593)

MARC details
000 -LEADER
fixed length control field 00504cam a2200193 a 4500
001 - CONTROL NUMBER
control field 12601949
005 - DATE AND TIME OF LATEST TRANSACTION
control field 20240321070026.0
008 - FIXED-LENGTH DATA ELEMENTS--GENERAL INFORMATION
fixed length control field 010813s2001 ce 000 0 eng
020 ## - INTERNATIONAL STANDARD BOOK NUMBER
ISBN 9559102400
040 ## - CATALOGING SOURCE (பட்டியலாக்க மூலம்)
Original cataloging agency DLC
Transcribing agency DLC
082 ## - DDC Classification
DDC Edition Number 22
Class No. 324.23
Item Number - Author Mark HEC.
100 1# - MAIN ENTRY--PERSONAL NAME
Personal name Abhayavardhana, Hector,
245 10 - TITLE STATEMENT
Title Hector Abhayavardhana :
Remainder of title selected writings.
260 ## - PUBLICATION, DISTRIBUTION, ETC.
Place of publication, distribution, etc. Colombo :
Name of publisher, distributor, etc. Social Scientists' Association,
Date of publication, distribution, etc. 2001.
300 ## - PHYSICAL DESCRIPTION
Extent (e.g. Volumes, Pages etc.) vi, 415 p. ;
650 ## - SUBJECT ADDED ENTRY--TOPICAL TERM
Topical term or geographic name entry element Political.
650 ## - SUBJECT ADDED ENTRY--TOPICAL TERM
Topical term or geographic name entry element Culture.
942 ## - Koha item type (Biblio)
Koha item type Books in Stacks (Lending)

No items available.

© WERC Library